00185nam a2200073Ia 4500008004100000082000800041100001700049245004500066240331s9999 xx 000 0 und d bSEL aSelvadurai,S 0aCinnamon gardens :bauthor of funney bay